000 00298nam a22001337a 4500
008 181024b xxu||||| |||| 00| 0 eng d
020 _a9780205393268
041 _aeng
080 _29 ED
_a159.9
100 _a49
101 _aPSI
245 _aEducation Psychology
_cAnita W
942 _2udc
_cBK
999 _c50872
_d50872